000 00577nam a2200217 i 4500
001 128695
003 ES-MaACL
005 20230906193338.0
007 t|
008 070523s1974 sp ||||1| cat d
080 _a7.01
100 1 _aTàpies, Antoni.
_9109252
245 1 2 _aL'art contra l'estética /
_cAntoni Tàpies.
260 _aBarcelona :
_bAriel,
_c[1974]
300 _a210 p. ;
_c23 cm.
490 1 _aCinc d'oros
650 1 4 _aArte-
_xFilosofía.
_910099
830 0 _aCinc d'oros
_9186748
852 _aES-MaACL
_jE-5343
_bR.89505
999 _c128695
_d128695